Progress in Vehicle Aerodynamics and Thermal Management 11th FKFS Conference, Stuttgart, September 26-27, 2017 /

The books presents latest information about new car developments, new or improved testing techniques and new or improved calculation procedures. Presenters are from industry and academia.

Bibliographic Details
Corporate Author: SpringerLink (Online service)
Other Authors: Wiedemann, Jochen (Editor, http://id.loc.gov/vocabulary/relators/edt)
Format: Electronic eBook
Language:English
Published: Cham : Springer International Publishing : Imprint: Springer, 2018.
Edition:1st ed. 2018.
Subjects:
Online Access:Full Text via HEAL-Link
LEADER 01900nam a2200433 4500
001 978-3-319-67822-1
003 DE-He213
005 20191029001812.0
007 cr nn 008mamaa
008 171204s2018 gw | s |||| 0|eng d
020 |a 9783319678221  |9 978-3-319-67822-1 
024 7 |a 10.1007/978-3-319-67822-1  |2 doi 
040 |d GrThAP 
050 4 |a TL1-483 
072 7 |a TRC  |2 bicssc 
072 7 |a TEC009090  |2 bisacsh 
072 7 |a TRC  |2 thema 
072 7 |a TRCS  |2 thema 
082 0 4 |a 629.2  |2 23 
245 1 0 |a Progress in Vehicle Aerodynamics and Thermal Management  |h [electronic resource] :  |b 11th FKFS Conference, Stuttgart, September 26-27, 2017 /  |c edited by Jochen Wiedemann. 
250 |a 1st ed. 2018. 
264 1 |a Cham :  |b Springer International Publishing :  |b Imprint: Springer,  |c 2018. 
300 |a VIII, 266 p. 245 illus.  |b online resource. 
336 |a text  |b txt  |2 rdacontent 
337 |a computer  |b c  |2 rdamedia 
338 |a online resource  |b cr  |2 rdacarrier 
347 |a text file  |b PDF  |2 rda 
505 0 |a Thermal Management -- Cooling Air Flow -- Unsteady Flow -- New Vehicles -- On-Road Tests -- Aerodynamic Development. 
520 |a The books presents latest information about new car developments, new or improved testing techniques and new or improved calculation procedures. Presenters are from industry and academia. 
650 0 |a Automotive engineering. 
650 1 4 |a Automotive Engineering.  |0 http://scigraph.springernature.com/things/product-market-codes/T17047 
700 1 |a Wiedemann, Jochen.  |e editor.  |4 edt  |4 http://id.loc.gov/vocabulary/relators/edt 
710 2 |a SpringerLink (Online service) 
773 0 |t Springer eBooks 
776 0 8 |i Printed edition:  |z 9783319678214 
776 0 8 |i Printed edition:  |z 9783319678238 
856 4 0 |u https://doi.org/10.1007/978-3-319-67822-1  |z Full Text via HEAL-Link 
912 |a ZDB-2-ENG 
950 |a Engineering (Springer-11647)